| 000 | 00738nam a2200229Ia 4500 | ||
|---|---|---|---|
| 003 | GCL | ||
| 008 | 140319s9999 xx 000 0 ara d | ||
| 040 |
_aGCL / _cGCL |
||
| 082 | 0 | 4 |
_aق _b962.064 _bم خ |
| 100 | 1 | _aمحمد حسنين هيكل | |
| 245 | 1 | 0 |
_aخريف الغضب قصة بداية ونهاية عصر انور السادات / _cمحمد حسنين هيكل |
| 260 |
_a[S.N] : _bمركز الاهرام للترجمة والنشر ، _c1988 |
||
| 300 | _a476 ص | ||
| 490 | _a | ||
| 650 | 0 | 4 | _aالعصر الحديث |
| 650 | 0 | 4 | _aمصر |
| 650 | 0 | 4 | _aتاريخ |
| 650 | 0 | 4 | _aالاحوال السياسية |
| 650 | 0 | 4 | _aحرب اكتوبر 1973 |
| 650 | 0 | 4 | _aجمال عبدالناصر |
| 942 |
_2ddc _cBK |
||
| 999 |
_c30449 _d30449 |
||